000 00472nam a22001697a 4500
999 _c181670
_d181670
005 20210930120351.0
010 _aEN230921
020 _c70.00
037 _bM.B. Books
100 _aAjay K. Singh
245 _aOne word substitution /
_cby Ajay K. Singh
260 _aPatna
_bM.B. Books
_c2020
270 _a3rd Floor, Ramdiri House, Dadiji Lane, Boring Road
_bPatna
_e800001
300 _a178p.
_c21cm(pbk)
490 _aEnglish Resource Series
942 _2ddc
_cEN
_mAJA